000 00946cam a2200217 4500
001 ABS65530
008 020514n2002 000 0 eng u
035 _a(Sirsi) u117957
245 _aSale-and-leaseback set to up the pace
260 _c2002
490 _aEuroProperty
_vMay 2002, 42-43(2)
520 _aConsiders international investment in the Spanish property market. To date, German funds are the biggest spenders, other international investors have been cautious of entering the Spanish market. The sale-and-leaseback trend reaching Spain has led to major companies selling city centre buildings so that they can consolidate in cheaper, peripheral locations which may boost the market.
590 _aABS
650 _aSALE AND LEASEBACK
650 _aSPAIN
650 _aINTERNATIONAL INVESTMENT
650 _aGERMAN INVESTMENT FUNDS
650 _aPROPERTY-COMMERCIAL PROPERTY
690 _aINTERNATIONAL-EUROPE
942 _n0
999 _c70248
_d70248